000 00740nam a2200253Ia 4500
003 OSt
005 20220918220433.0
006 a|||||r|||| 00| 0
007 ta
008 220917b |||||||| |||| 00| 0 eng d
024 _a146,063
037 _cTextual
040 _aARTS
_cARTS
_beng
041 _2eng
_aeng
082 _aY74442K:1, M1
100 _aBajpai S C
_9132806
245 0 _aKinnaur in the Himalayas
_b Mythology and modernity
260 _aNew Delhi
_bConcept Publishing Company
_c1981
300 _axii, 247p. illus plates
_ccm.
500 _aBibliography p233-240; Appendices p 146-232 (I-X)
650 _aSOCIOLOGY
942 _hY74442K:1, M1
_cTEXL
_2CC
999 _c268820
_d268820